Korrekt pedagógiai értékelés lehetőségei a magyar zeneművészeti felsőoktatásban

Elmentve itt :
Bibliográfiai részletek
Szerző: Gönczy László
Testületi szerző: Pedagógiai Értékelési Konferencia (9.) (2011) (Szeged)
Dokumentumtípus: Könyv része
Megjelent: 2011
Sorozat:Pedagógiai Értékelési Konferencia 9
Kulcsszavak:Értékelés - pedagógiai - előadáskivonat, Zenei nevelés - előadáskivonat, Felsőoktatás - előadáskivonat
Online Access:http://acta.bibl.u-szeged.hu/60740
LEADER 00794naa a2200181 i 4500
001 acta60740
005 20260224081030.0
008 190827s2011 hu o 100 hun d
040 |a SZTE Egyetemi Kiadványok Repozitórium  |b hun 
041 |a hun 
100 1 |a Gönczy László 
245 1 0 |a Korrekt pedagógiai értékelés lehetőségei a magyar zeneművészeti felsőoktatásban  |h [elektronikus dokumentum] /  |c  Gönczy László 
260 |c 2011 
300 |a 43 
490 0 |a Pedagógiai Értékelési Konferencia  |v 9 
695 |a Értékelés - pedagógiai - előadáskivonat, Zenei nevelés - előadáskivonat, Felsőoktatás - előadáskivonat 
710 |a Pedagógiai Értékelési Konferencia (9.) (2011) (Szeged) 
856 4 0 |u http://acta.bibl.u-szeged.hu/60740/1/pek_2011_043.pdf  |z Dokumentum-elérés